000 00978nam a2200241 i 4500
001 190727
003 ES-MaACL
005 20240410103513.0
008 220523s1975 sp 000 0 spa
080 _a159.98
100 1 _aPallarés Martí, Manuel.
_988583
245 1 3 _aEl concepto de sí mismo y la elección vocacional /
_cManuel Pallarés Martí.
260 _aBarcelona :
_bUniversidad de Barcelona, [Facultad de Filosofía y Letras],
_c1975.
300 _a25 p. ;
_c24 cm.
502 _aTesis-Univ. Barcelona (Extracto)
594 _aPrecede al tít.: Universidad de Barcelona. Secretariado de Publicaciones, Intercambio Científico y Extensión Universitaria
650 4 _aOrientación profesional.
_915770
655 _aTesis y escritos académicos
_9226867
710 2 _aUniversidad de Barcelona.
_bFacultad de Filosofía y Letras.
_97149
852 4 _aES-MaACL
_jP-1415 (141)
_9197909
_bR.68610
_cDEPO2
942 _2udc
999 _c190727
_d190727